| 000 | 00000nam 2200000zi 4500 |
| 001 | 9.945561 |
| 003 | CaOODSP |
| 005 | 20241126095000 |
| 006 | m o d f |
| 007 | cr mn||||||||| |
| 008 | 241126e197909##onc ob f000 0 fre d |
| 040 | |aCaOODSP|bfre|erda|cCaOODSP |
| 043 | |an-cn---|an-us--- |
| 086 | 1 |aCo22-762/1979F-PDF |
| 100 | 1 |aLucyk, J. R., |eauteur. |
| 245 | 13|aLa télévision et les déficients auditifs / |cJ.R. Lucyk. |
| 264 | 1|a[Ottawa] : |bDirection des politiques sociales et de la radiodiffusion, Ministère des communications, |cseptembre 1979. |
| 300 | |a1 ressource en ligne (27 pages) |
| 336 | |atexte|btxt|2rdacontent/fre |
| 337 | |ainformatique|bc|2rdamedia/fre |
| 338 | |aressource en ligne|bcr|2rdacarrier/fre |
| 500 | |aPublié aussi en anglais sous le titre : Television and the hearing-impaired. |
| 500 | |aLa page de titre manque dans cette copie PDF. |
| 500 | |aÉdition numérisée de l'imprimé [par Innovation, sciences et développement économique Canada]. |
| 504 | |aComprend des références bibliographiques (pages 26-27). |
| 650 | 6|aTélévision pour personnes ayant une déficience auditive|zCanada. |
| 650 | 6|aSous-titrage codé pour malentendants|zCanada. |
| 650 | 6|aTélévision pour personnes ayant une déficience auditive|zÉtats-Unis. |
| 650 | 6|aSous-titrage codé pour malentendants|zÉtats-Unis. |
| 710 | 1 |aCanada. |bMinistère des communications. |bDirection des politiques sociales et de la radiodiffusion, |eorganisme de publication. |
| 775 | 08|tTelevision and the hearing-impaired / |w(CaOODSP)9.939678 |
| 856 | 40|qPDF|s960 Ko|uhttps://publications.gc.ca/collections/collection_2024/isde-ised/co22/Co22-762-1979-fra.pdf |